|
|
|
|
| LEADER |
00000nam0a2200000 4500 |
| 001 |
275742 |
| 005 |
20231101234844.0 |
| 035 |
|
|
|a (RuTPU)RU\TPU\book\298992
|
| 035 |
|
|
|a RU\TPU\book\237292
|
| 090 |
|
|
|a 275742
|
| 100 |
|
|
|a 20141117d1981 m y0rusy50 ca
|
| 101 |
0 |
|
|a rus
|
| 102 |
|
|
|a RU
|
| 105 |
|
|
|a a j 001zy
|
| 200 |
1 |
|
|a Введение в специальность: "Технология и техника разведки месторождений полезных ископаемых"
|e учебное пособие
|f С. С. Сулакшин [и др.]
|g Томский политехнический институт (ТПИ)
|
| 210 |
|
|
|a Томск
|c Изд-во ТПИ
|d 1981
|
| 215 |
|
|
|a 96 с.
|c ил.
|
| 320 |
|
|
|a Библиогр.: с. 95.
|
| 606 |
1 |
|
|a Полезные ископаемые
|x Поиски и разведка
|x Техника
|2 stltpush
|3 (RuTPU)RU\TPU\subj\70490
|9 84735
|
| 610 |
1 |
|
|a вузы
|
| 610 |
1 |
|
|a специальности
|
| 610 |
1 |
|
|a горная промышленность
|
| 610 |
1 |
|
|a геологоразведочная служба
|
| 610 |
1 |
|
|a скважины
|
| 610 |
1 |
|
|a сооружение
|
| 610 |
1 |
|
|a техника
|
| 610 |
1 |
|
|a технология
|
| 610 |
1 |
|
|a месторождения
|
| 610 |
1 |
|
|a разработка
|
| 610 |
1 |
|
|a учебные пособия
|
| 610 |
1 |
|
|a труды учёных ТПУ
|
| 675 |
|
|
|a 550.82(075.8)
|v 3
|
| 701 |
|
1 |
|a Сулакшин
|b С. С.
|c российский геолог
|c Заслуженный профессор Томского политехнического университета
|f 1919-2011
|g Степан Степанович
|2 stltpush
|3 (RuTPU)RU\TPU\pers\13908
|
| 701 |
|
1 |
|a Рябчиков
|b С. Я.
|c горный инженер
|c профессор Томского политехнического университета, доктор технических наук
|f 1940-
|g Сергей Яковлевич
|2 stltpush
|3 (RuTPU)RU\TPU\pers\26128
|
| 701 |
|
1 |
|a Проскурин
|b А. П.
|g Алексей Павлович
|
| 701 |
|
1 |
|a Храменков
|b В. Г.
|c горный инженер
|c доцент Томского политехнического университета, кандидат технических наук
|f 1936-
|g Владимир Григорьевич
|2 stltpush
|3 (RuTPU)RU\TPU\pers\26130
|
| 712 |
0 |
2 |
|a Томский политехнический институт (ТПИ)
|c (1944-1991)
|2 stltpush
|3 (RuTPU)RU\TPU\col\1123
|
| 801 |
|
1 |
|a RU
|b 63413507
|c 20120604
|
| 801 |
|
2 |
|a RU
|b 63413507
|c 20210208
|g RCR
|
| 942 |
|
|
|c BK
|